000 00542nam a2200157 a 4500
001 000036095
005 20200930074855.0
008 111209d1972 dr 000 0 spa d
040 _aDO-SdBNP
_bspa
_cBNPHU
111 1 _aExposición de grabado latino Americano
_n(1:
_d1970
_cSan Juan de Puerto Rico )
_962133
245 1 0 _aExposición de grabado Latino Americano :.
260 _aSanto Domingo :
_bE. León Jimenes,
_c1972.
300 _aUn ejemplar con varias paginaciones :
_bil. ;
_c28 cm.
500 _aTextos a dos columnas
049 _aBNPD
999 _c35586
_d35586